Coupe du Monde de Football - Participant ? #10 - Statistiques

Statistiques générales
  • Ce quiz a été pris 56 fois
  • Le résultat moyen est 13 sur 15
Statistiques - réponses
Hint Réponse % Correct
Arabie Saoudite Correct
100%
Colombie Correct
100%
Suisse Correct
100%
Bahreïn Incorrect
98%
Écosse Correct
95%
Chypre Incorrect
95%
Botswana Incorrect
95%
Cambodge Incorrect
91%
Lituanie Incorrect
91%
République Démocratique du Congo/ Zaïre Correct
82%
République Dominicaine Incorrect
82%
Bosnie-Herzégovine Correct
80%
Biélorussie Incorrect
77%
Gabon Incorrect
73%
Haïti Correct
36%
Aucun quiz correspondant
Distribution des résultats
% des personnes avec chaque résultat
Percentile par nombre de réponses
Votre historique - résultats
Vous n’avez pas pris ce quiz